00897nam a2200217 a 450000100100000000500170001000800410002702000150006804000250008308200160010810000380012424501360016226000390029830000360033749000540037370000320042770000280045983000610048795201140054899900170066200003639720200930075717.0120116s2003 sp ad r 000 0 spa d a8497041143 aDO-SdBNPbspacBNPHU axxxxbA454c1 aAlonso Berrocal, José L.96259710aCibermetría :bnuevas técnicas de estudio aplicables al Web /cJosé L. Alonso Berrocal, Carlos G. Figuerola, Ángel F. Zazo. aEspaña :bEdiciones Trea,c2003. a207 p. :bil., diagrs ;c22 cm.1 aBiblioteconomía y administración culturalv961 aFiguerola, Carlos G.9625981 aZazo, Ángel F.962599 0aBiblioteconomía y administración culturaln96962600 001050718MOaGRbGRcHDd2012-01-16iLF1l0oxxxx A454cp36398-10r2020-06-25w2020-06-25y1ZNo se presta c35888d35888